Biopalivá v doprave prínosy nepriniesli
Ekologické efekty v podobe znižovania emisií skleníkových plynov. Ekonomická nevýhodnosť a ekonomické parametre nevýhodnosti palív. Cenové porovnania burzových cien biopalív a nafty, či benzínu a ukazovatele takzvaného obsahu energie v palivách.
Salvato in:
| Autore principale: | |
|---|---|
| Natura: | Capitolo di libro |
| Lingua: | slovacco |
| Soggetti: | |
| Tags: |
Nessun Tag, puoi essere il primo ad aggiungerne!!
|
MARC
| LEADER | 00000naa a2200000 4500 | ||
|---|---|---|---|
| 001 | 0229930 | ||
| 005 | 20221104125208.6 | ||
| 041 | 0 | |a slo | |
| 044 | |a CZ | ||
| 245 | 1 | 0 | |a Biopalivá v doprave prínosy nepriniesli |c Marek Senkovič |
| 520 | |a Ekologické efekty v podobe znižovania emisií skleníkových plynov. Ekonomická nevýhodnosť a ekonomické parametre nevýhodnosti palív. Cenové porovnania burzových cien biopalív a nafty, či benzínu a ukazovatele takzvaného obsahu energie v palivách. | ||
| 610 | 2 | 0 | |a biopalivá |
| 610 | 2 | 0 | |a zdroje energie obnoviteľné |
| 610 | 2 | 0 | |a zdroje energie alternatívne |
| 610 | 2 | 0 | |a ceny |
| 610 | 2 | 0 | |a energia |
| 610 | 2 | 0 | |a prostredie životné |
| 610 | 2 | 0 | |a doprava |
| 610 | 2 | 0 | |a emisie |
| 100 | 1 | |a Senkovič, Marek | |